Nezamestnanosť z pohľadu práva sociálneho zabezpečenia
Platenie príspevku na poistenie v nezamestnanosti. Podpora v nezamestnanosti. Evidovaný nezamestnaný a dávky nemocenského poistenia.
Enregistré dans:
| Auteur principal: | |
|---|---|
| Format: | Chapitre de livre |
| Langue: | slovaque |
| Sujets: | |
| Tags: |
Pas de tags, Soyez le premier à ajouter un tag!
|
MARC
| LEADER | 00000naa a2200000 4500 | ||
|---|---|---|---|
| 001 | r043987 | ||
| 005 | 20231002081125.2 | ||
| 041 | 0 | |a slo | |
| 044 | |a SK | ||
| 245 | 1 | 0 | |a Nezamestnanosť z pohľadu práva sociálneho zabezpečenia |c Ján Matlák |
| 520 | |a Platenie príspevku na poistenie v nezamestnanosti. Podpora v nezamestnanosti. Evidovaný nezamestnaný a dávky nemocenského poistenia. | ||
| 610 | 2 | 0 | |a poistenie v nezamestnanosti |
| 610 | 2 | 0 | |a občania |
| 610 | 2 | 0 | |a zabezpečenie sociálne |
| 610 | 2 | 0 | |a nezamestnanosť |
| 610 | 2 | 0 | |a podpory v nezamestnanosti |
| 610 | 2 | 0 | |a základ vymeriavací |
| 610 | 2 | 0 | |a zamestnanci |
| 610 | 2 | 0 | |a dávky poistenia nemocenského |
| 100 | 1 | |a Matlák, Ján | |